000 00683nam a2200241 a 4500
001 BRL_1321
005 20190320211139.0
008 060114s1971----u--a######---#000-0#eng-#
020 _a910458014
041 _aeng
044 _au
050 4 _aTS1480
_b.D38 1971
100 1 _aDavenport, Elsie G.
_926512
245 1 0 _aYour handspinning
_cElsie G. Davenport : with 96 diagrams and 5 plates.
260 _aPacific Grove, California
_bSelect Books
_c1971
300 _a130 p.
_bil., diagramas, láminas
_c21 cm.
500 _aAu1594
504 _aBibliografĂ­a: p. [131]
650 1 4 _aHilanderia
_926513
650 1 4 _aTorno de hilar
_926514
902 _aGRL
942 _2lcc
_cB
999 _c10133
_d10133